00708 a2200157 45000010006000000050017000060080041000230030015000640400040000790800038001192450121001572640035002783000019003135050197003321000021005295711620260407155833.0260407a1955 arg spa dAR-UNSa-BCEJYS aAR-UNSa-BCEJYSbspacAR-UNSa-BCEJYS a911.3:33xGeografía económica10aGeografía económica generalpde acuerdo con los programas de quinto año de las escuelas nacionales de comercio 1aBuenos Aires :bKapeluszc1955 a234 p.c21 cm. a1. Geografía económica – 2.Agricultura – 3.Explotacion forestal pesca y caza – 4.Ganaderia – 5.Mineria – 6.Industrias – 7.Medios de transporte y comunicación – 8.Comercio. 1 aRepetto, Luis G.